British roads - Statistics

General Stats
  • This quiz has been taken 74 times
  • The average score is 10 of 15
Answer Stats
Towns Road number % Correct
London & Edinburgh A1
100%
Luton & Carlisle A6
94%
London & Holyhead A5
89%
Crawley & Brighton A23
79%
Exeter & Penzance A30
73%
Winchester & Oxford A34
68%
Leeds & Scarborough A64
68%
Oxford & Fishguard A40
63%
Chester & Holyhead A55
63%
Aberystwyth & Oxford A44
58%
Grimsby & Peterborough A16
56%
Newcastle & York A19
55%
Liverpool & York A59
55%
Falmouth & Bath A39
53%
Andover & Wincanton A303
45%
No matching quizzes found
Score Distribution
Percent of People with Each Score
Percentile by Number Answered
Your Score History
You have not taken this quiz